| 000 | 00911cam a22002775a 4500 | ||
|---|---|---|---|
| 001 | 016151934 | ||
| 003 | OSt | ||
| 005 | 20151020153532.0 | ||
| 008 | 120815t2013 nyua frbd 001 0 eng d | ||
| 020 | _a9780071326384 (pbk.) | ||
| 020 | _a0071326383 | ||
| 040 |
_aStDuBDS _beng _cStDuBDS _dUk _dEG-ScBUE |
||
| 082 | 0 | 4 |
_a658.3124 _222 _bNOE |
| 100 | 1 |
_a Noe, Raymond A. _917588 |
|
| 245 | 1 | 0 |
_aEmployee training and development / _cRaymond A. Noe. |
| 250 | _a6th ed., McGraw-Hill international ed. | ||
| 260 |
_aNew York : _bMcGraw-Hill Education, _cc.2013. |
||
| 300 |
_axviii, 524 p. : _bill. (black and white) ; _c24 cm. |
||
| 500 | _aGlossary : p. 485-496. | ||
| 504 | _aIncludes bibliographical references and indexes. | ||
| 650 | 7 |
_aEmployees _xTraining of. _2BUEsh _933927 |
|
| 650 | 7 |
_aCareer development. _2BUEsh _94229 |
|
| 651 | _2BUEsh | ||
| 653 |
_bBUSADM _cJune2015 _cOctober2015 |
||
| 942 | _2ddc | ||
| 999 |
_c19936 _d19908 |
||